Algebra y trigonometría con geometría analítica

Պահպանված է:
Մատենագիտական մանրամասներ
Հիմնական հեղինակներ: Swokowski, Earl William (Հեղինակ), Cole, Jeffery A (Հեղինակ)
Ձևաչափ: Գիրք
Լեզու:իսպաներեն
Հրապարակվել է: Ciudad de México International Thomson 2002
Հրատարակություն:10a. ed
Խորագրեր:
Ցուցիչներ: Ավելացրեք ցուցիչ
Չկան պիտակներ, Եղեք առաջինը, ով նշում է այս գրառումը!

MARC

LEADER 00000nam a2200000 a 4500
001 UCL3801
003 CL-VaPUC
008 031212e20020000MX |||||||||||||||||spa|d
020 |a 9706861297 
082 0 4 |a 512  |b SWO  |2 21 
100 0 |a Swokowski, Earl William  |e author  |9 481205 
700 0 |a Cole, Jeffery A  |e author  |9 481206 
245 1 0 |a Algebra y trigonometría con geometría analítica 
250 |a 10a. ed 
300 |a 890 p 
942 |c BK 
945 |d 20031212 00:00:00  |a cmena 
260 |a Ciudad de México  |b International Thomson  |c 2002 
650 0 |a Álgebra  |9 259567 
650 0 |a Ecuaciones  |9 260137 
650 0 |a Funciones   |9 263869 
650 0 |a Gráficas  |9 264054 
650 0 |a Trigonometría   |9 259568 
650 7 |a SERIES  |2 CL-VaPUC  |9 325542 
650 7 |a PROBALIDADES  |2 CL-VaPUC  |9 348318 
650 0 |a Geometría analítica   |9 260062 
583 |a last modification  |c 20031212 00:00:00  |k Rodrigo Vera 
999 |c 306806  |d 306804 
952 |0 0  |1 0  |4 0  |6 512_000000000000000_SWO_2002  |7 0  |8 A  |9 372122  |a BIBMAT  |b BIBMAT  |d 2019-11-21  |i 3973808  |o 512 SWO 2002  |p 3973808  |r 2025-01-07  |w 2019-11-21  |y BK  |k MAT 
952 |0 0  |1 0  |4 0  |6 512_000000000000000_SWO_2002  |7 0  |8 A  |9 372123  |a BIBMAT  |b BIBMAT  |d 2019-11-21  |i 3973816  |o 512 SWO 2002  |p 3973816  |r 2025-01-07  |w 2019-11-21  |y BK  |k MAT 
952 |0 0  |1 0  |4 0  |6 512_000000000000000_SWO_2002  |7 0  |8 A  |9 372124  |a BIBMAT  |b BIBMAT  |d 2019-11-21  |i 3973824  |l 2  |m 1  |o 512 SWO 2002  |p 3973824  |r 2025-04-09  |s 2025-04-09  |w 2019-11-21  |y BK  |k MAT 
952 |0 0  |1 0  |4 0  |6 512_000000000000000_SWO_2002  |7 0  |8 R  |9 372125  |a BIBMEC  |b BIBMEC  |d 2019-11-21  |i 4000919  |o 512 SWO 2002  |p 4000919  |r 2019-11-21  |w 2019-11-21  |y BK_R  |k MEC 
952 |0 0  |1 0  |4 0  |6 512_000000000000000_SWO_2002  |7 0  |8 R  |9 372126  |a BIBMEC  |b BIBMEC  |d 2019-11-21  |i 4000927  |o 512 SWO 2002  |p 4000927  |r 2019-11-21  |w 2019-11-21  |y BK_R  |k MEC 
952 |0 0  |1 0  |4 0  |6 512_000000000000000_SWO_2002  |7 0  |8 A  |9 372127  |a BIBMAT  |b BIBMAT  |d 2019-11-21  |i 4042069  |o 512 SWO 2002  |p 4042069  |r 2025-01-07  |w 2019-11-21  |y BK  |k MAT 
952 |0 0  |1 0  |4 0  |6 512_000000000000000_SWO_2002  |7 0  |8 A  |9 372128  |a BIBMAT  |b BIBMAT  |d 2019-11-21  |i 4042077  |o 512 SWO 2002  |p 4042077  |r 2025-01-07  |w 2019-11-21  |y BK  |k MAT 
952 |0 0  |1 0  |4 0  |6 512_000000000000000_SWO_2002  |7 0  |8 A  |9 372129  |a BIBMAT  |b BIBMAT  |d 2019-11-21  |i 4042085  |o 512 SWO 2002  |p 4042085  |r 2025-01-07  |w 2019-11-21  |y BK  |k MAT 
952 |0 0  |1 0  |4 0  |6 512_000000000000000_SWO_2002  |7 0  |8 A  |9 372130  |a BIBMAT  |b BIBMAT  |d 2019-11-21  |i 4042093  |o 512 SWO 2002  |p 4042093  |r 2025-01-07  |w 2019-11-21  |y BK  |k MAT